[Event "Olympiad-40"]
[Site "Istanbul"]
[Date "2012.09.03"]
[Round "6.4"]
[White "Dvirnyy, Danyyil"]
[Black "Howell, David"]
[Result "1/2-1/2"]
[WhiteElo "2520"]
[BlackElo "2635"]
[Annotator "Marin,M"]
[PlyCount "84"]
[EventDate "2012.08.28"]
[EventType "team-swiss"]
[EventRounds "11"]
[EventCountry "TUR"]
[SourceTitle "CBM 151"]
[Source "ChessBase"]
[SourceDate "2012.11.13"]
[SourceVersion "1"]
[SourceVersionDate "2012.11.13"]
[SourceQuality "1"]
[WhiteTeam "Italy"]
[BlackTeam "England"]
[WhiteTeamCountry "ITA"]
[BlackTeamCountry "ENG"]

1. c4 Nf6 2. Nc3 e5 3. Nf3 Nc6 4. g3 d5 5. cxd5 Nxd5 6. Bg2 Nb6 7. O-O Be7 8.
a3 O-O 9. b4 Be6 10. d3 a5 11. b5 Nd4 12. Bb2 Nxf3+ {A very rare move, which
seems to be not bad at all, at least in view of this game.} (12... Nb3 13. Rb1
f6 {Azmaiparashvili,Z (2540)-Romanishin,O (2570)/Tallinn 1988/EXT 2000/ (0-1,
44)}) (12... Bb3 13. Qc1 Be6 14. Rb1 {Marin,M (2557)-Stefansson,H (2557)/
Istanbul 2000/EXT 2001/[Marin,M] (1-0, 58)}) 13. Bxf3 Rb8 14. Qc2 Qd7 15. Rfc1
Bd6 16. Rab1 f5 17. Na4 Nxa4 18. Qxa4 b6 19. Rc6 Qf7 {Despite the apparent
positional concessions, Black's queenside position is very hard to crack. At
the same time, his attack on the other wing is ready to start.} 20. Rf1 Kh8 21.
Bg2 Rbe8 22. Qc2 Bd7 {Allowing the opening of the queenside.} (22... f4 $5) 23.
Rxc7 Bxc7 24. Qxc7 Bxb5 25. Qxb6 $44 Qb3 26. Ba1 a4 27. Qc5 e4 28. Rc1 Rf7 29.
g4 $5 Bd7 30. gxf5 exd3 31. Bd5 dxe2 32. Bxb3 e1=Q+ 33. Rxe1 Rxe1+ 34. Kg2 axb3
35. f6 Rxa1 36. Qd5 Be8 37. Qe4 gxf6 38. Qxe8+ Kg7 39. Qb8 Rxa3 40. Qg3+ Kh8
41. Qb8+ Kg7 42. Qg3+ Kh8 1/2-1/2

[Event "Morelia/Linares 25th"]
[Site "Morelia/Linares"]
[Date "2008.02.28"]
[Round "8"]
[White "Aronian, Levon"]
[Black "Topalov, Veselin"]
[Result "1-0"]
[WhiteElo "2739"]
[BlackElo "2780"]
[Annotator "Marin,M"]
[PlyCount "129"]
[EventDate "2008.02.15"]
[EventType "tourn"]
[EventRounds "14"]
[EventCountry "ESP"]
[EventCategory "21"]
[SourceTitle "CBM 123"]
[Source "ChessBase"]
[SourceDate "2008.04.02"]
[SourceVersion "1"]
[SourceVersionDate "2008.04.02"]
[SourceQuality "1"]

1. c4 Nf6 2. Nc3 e5 3. Nf3 Nc6 4. g3 d5 5. cxd5 Nxd5 6. Bg2 Nb6 7. O-O Be7 8.
a3 O-O 9. b4 Be6 10. Rb1 f6 11. d3 Nd4 ({At some point,} 11... a5 12. b5 Nd4 {
was considered to be more promising, but fashion is an unpredictable lady.})
12. Nd2 c6 13. Nde4 Nd5 $5 {A relatively rare move.} ({The main continuation
is considered to be} 13... Rf7 {(Aiming to activate the rook along the seventh
rank)} 14. e3 Nb5 $1 15. Nxb5 cxb5 {The presence of doubled pawns is
compensated for by the pressure against the white queenside and White's
practical problems with opening play in the centre.} 16. Bb2 Rc8 (16... Na4 $6
{defines the knight's intentions too soon, leaving the c4-square without
sufficient surveillance.} 17. Ba1 Rc8 18. d4 f5 19. Nc5 Nxc5 20. bxc5 Bc4 21.
Bxb7 Rb8 22. Bg2 Bxf1 23. Bxf1 $16 {Bareev,E (2726)-Ponomariov,R (2743)/Moscow
2002/CBM 091 (1/2-1/2, 40). The strong pair of central pawns and the pair of
bishops more than compensate for the sacrificed exchange.}) 17. d4 exd4 18.
Bxd4 Nc4 $1 $132 {Gurevich,M (2634)-Palac,M (2591)/Saint Vincent 2003/CBM 092
ext (1/2-1/2, 37). With such a strong enemy knight on c4, White cannot develop
his initiative easily (although he later did as a result of some carelessness
on Black's part).}) 14. e3 $5 ({White's last word in this line was held to be} 
14. Bb2 Bf7 $6 {This is just a loss of time.} ({After the bishop's development
to b2,} 14... a5 $1 $132 {[%csl Gb4] makes a lot of sense.} 15. Nc5 {can be
answered by} Bg4 $5 {[%csl Ge2]}) 15. Nxd5 Bxd5 16. Bxd4 exd4 17. Qc2 {White's
play is much easier to carry out, although it might be too early to claim an
objective advantage yet.} Re8 18. Nd2 Bf8 19. Rfe1 Kh8 20. Bxd5 Qxd5 21. Qc4
Qd7 22. Nf3 Rad8 23. Kg2 g6 24. Rbc1 f5 25. Qb3 Bg7 26. Rc5 Bf6 27. b5 $14 {
White opened the queenside and soon switched to the opposite wing in
Tomashevsky,E (2594)-Khismatullin,D (2568)/Tomsk 2006/CBM 114 ext (1-0, 42)})
14... Nxc3 15. Nxc3 Nf5 16. Qc2 $146 {The plan initiated by this move leads to
interesting play, but not necessarily to an advantage for White.} ({It is hard
to say why Aronian refrained from the previously played} 16. b5 cxb5 17. Rxb5
Rc8 18. Bd5 Bxd5 19. Nxd5 Kh8 (19... Rf7 20. Qb3 Nd6 21. Ra5 a6 22. Bd2 $14 {
/\Rb1 Marin, Stoica}) 20. Qf3 Nd6 21. Rb1 Re8 (21... b5 22. Bd2 {/\Bb4} Re8 23.
Rfc1 $14 {Marin, Stoica}) 22. a4 Bf8 23. e4 $14 {Heitmann,M-Bradtke,K/corr
1998/Corr 2002 (1-0, 48). White's stability on the light squares offers him
the better chances.}) 16... Rc8 17. Rd1 Qd7 18. d4 $5 {It was not easy to
strengthen the pressure against the enemy queenside and Aronian decides to win
space in the centre, although this will leave him with an isolated pawn.} (18.
Ne4 Bd5 $11) 18... exd4 19. exd4 Bd6 {In view of the possible pin along the
c-file, the threat d5 was not too real yet, but Black has to permanently be
aware of it.} (19... Nxd4 $2 20. Qe4 c5 (20... Rfd8 $2 21. Rxd4 $1 $18) 21.
bxc5 Bxc5 22. Rxb7 $16) (19... Rcd8 $6 20. d5 $36) (19... Rfd8 $5 {maintains
the opposition of the white queen with one of the black rooks, but leaves the
e-file out of control.} 20. Qe2 $5 Bf8 21. d5 cxd5 22. Nxd5 Qf7 23. Qf3 Qg6 {
[%cal Yg6b1]} 24. Ra1 $14 {Although not fully developed yet, White seems to be
doing fine because of his strong knight and the indirect pressure against the
enemy queenside.}) 20. Ne4 {Temporarily abandoning the plan based on d5, for
which White is not well enough prepared.} (20. d5 cxd5 21. Bxd5 Bxd5 22. Rxd5
$11) (20. Qb2 $6 Rfe8 (20... Ne7 $11) 21. d5 $2 cxd5 22. Nxd5 Be5 $17) 20...
Rcd8 {Indirectly pinning the d-pawn, in order to discourage a knight move to
c5. But why this rook?} (20... Rfd8 $6 21. Bb2 Qf7 22. Nc5 Bxc5 23. dxc5 $14 {
Now,} Bb3 $2 {is impossible because the intermediate capture} 24. Rxd8+ {
is with check.} Rxd8 25. Qxf5 $18) (20... Ne7 $6 {[%cal Ge7d5]} 21. Nc5 Bxc5
22. dxc5 $1 Bd5 (22... Nd5 23. Be4 $14) 23. Bf4 $14 {[%cal Gf4d6]}) 21. Bb2 Qf7
22. Rd2 {The start of an interesting rook regroupment.} Bd5 (22... Ne7 23. Nxd6
Rxd6 24. Qc5 $14 {[%csl Ga7]}) 23. Re1 Bb8 24. Rde2 b6 {Black has managed to
somewhat stabilize the position, but White keeps some pressure.} 25. Nd2 $5 {
Fighting against the blockade.} (25. Nc5 bxc5 26. Qxf5 Bxg2 (26... cxd4 27. Re7
Qg6 28. Bxd5+ Rxd5 29. Qe6+ Kh8 30. Qxc6 $14) 27. Kxg2 cxd4 28. Rd2 Rd5 29. Qc2
Rfd8 30. Qxc6 d3 $132) 25... Bxg2 26. Kxg2 Qd5+ 27. Kg1 b5 $6 {Topalov aims
for a complicated fight, relying on his good control on the light squares.
Hwever, the c6-pawn will remain chronically weak now.} ({Less ambitious but
probably safer would be} 27... Nxd4 28. Bxd4 Qxd4 29. Qxc6 Qd5 {Optically,
White stands better (the position is similar to certain Catalan endings), but
it all depends whether he can improve the position of his knight.
Unfortunately, there is no obvious way to transfer it to c6, which might mean
that the position is equal.}) 28. Nb3 {It looks natural to transfer the knight
to a5 in order to keep the c6-pawn under pressure.} ({However,} 28. Ne4 $5 {
seems to have kept more options for the knight, which is close to the c5- and
d5-squares at the same time.} Rf7 (28... Bd6 29. Nc3 Qf3 30. Ne4 $5 $14 {
[%csl Gc6,Gd5,Gf3] and once the queen has been cut off from the queenside,
Black faces some problems of coordination.}) 29. Rc1 Rc8 30. Qd3 Rd8 (30... Bd6
$2 31. Nc3 $18 {[%csl Gf5]}) 31. Rc5 Qd7 32. Qc2 {After an eventual exchange
of pawns (c6 against d4), the black bishop risks remaining passive.} Bc7 $5 33.
Rxc6 Bb6 34. d5 $1 Qxd5 35. Rd2 Nd4 (35... Bd4 $2 36. Rc5 $18) 36. Bxd4 Bxd4
37. Rc5 Qd7 38. a4 a6 (38... bxa4 39. Rc4 $18) 39. Rc6 $14) 28... Bd6 29. Na5
Rc8 30. Rc1 Rc7 31. Qd3 Rfc8 32. Rec2 g6 {Black is quite stable on the light
squares, because the enemy knight is quite far from the d5-square.} 33. Qf1 $5
{[%csl Rc6,Rd5][%cal Gf1g2]} Kf7 {Anticipating the exchange of queens by
approaching with the king.} 34. Qg2 Ne7 35. Re1 h5 36. h4 f5 $5 {Very
ambitious, again. With the knight far away on the queenside, White's king
starts feeling insecure.} (36... Nf5 $13) 37. Bc1 f4 38. Rxe7+ $5 {A
positional exchange sacrifice in the spirit of Armenia's former World Champion,
Petrosian. It is well-known that Topalov is not indifferent to this method of
changing the course of the game, either.} (38. Bxf4 Bxf4 39. gxf4 Nf5 $44)
38... Bxe7 (38... Rxe7 $2 39. Qxd5+) (38... Kxe7 $2 39. Nxc6+) 39. Bxf4 Qxg2+
$2 {After this premature exchange of queens, Black will lose another pawn and
will be just worse.} ({It is possible that, pressed by time, Topalov did not
notice that} 39... Bd6 {does not lose material.} 40. Bxd6 ({The trick is that
after} 40. Qxd5+ $2 cxd5 $19 {White's pieces are hanging, maintaining the
previous material balance and making further simplifications impossible.})
40... Qxd6 $13 {With the knight on a5, there is not much for the black king to
be worried about and the position would remain uncertain.}) 40. Kxg2 Rd7 41.
Nxc6 $16 {With two pawns for the exchange and excellent centralization, White
has a stable advantage.} Kg7 42. d5 a6 43. Kf3 Bf6 44. Ke4 Re7+ 45. Kd3 Rd7 46.
d6 Re8 47. Nd4 Kf7 48. Nf3 a5 49. Rc5 axb4 50. axb4 Rb7 51. Nd2 Ra8 52. Ne4 Bd8
53. Rd5 Ra3+ 54. Kd4 Rb3 55. Kc5 Ke6 56. Rd2 Rb1 57. Re2 Kd7 58. Kd5 Rd1+ 59.
Rd2 Rxd2+ 60. Bxd2 Ke8 61. Ke6 Rb6 62. Bg5 Rc6 63. Bxd8 Kxd8 64. Ng5 Ke8 65.
Nf7 1-0

[Event "Olympiad-40"]
[Site "Istanbul"]
[Date "2012.09.01"]
[Round "5.1"]
[White "Valdes Romero, Leonardo"]
[Black "Ragger, Markus"]
[Result "1-0"]
[WhiteElo "2366"]
[BlackElo "2670"]
[Annotator "Marin,M"]
[PlyCount "139"]
[EventDate "2012.08.28"]
[EventType "team-swiss"]
[EventRounds "11"]
[EventCountry "TUR"]
[SourceTitle "CBM 151"]
[Source "ChessBase"]
[SourceDate "2012.11.13"]
[SourceVersion "1"]
[SourceVersionDate "2012.11.13"]
[SourceQuality "1"]
[WhiteTeam "Costa Rica"]
[BlackTeam "Austria"]
[WhiteTeamCountry "CRI"]
[BlackTeamCountry "AUT"]

1. Nf3 Nc6 2. g3 e5 3. d3 d5 4. Bg2 Nf6 5. O-O Be7 6. c4 O-O 7. cxd5 Nxd5 8.
Nc3 Nb6 9. a3 Be6 10. b4 Nd4 11. Be3 {Not the most topical continuation, but a
sound one.} Nxf3+ 12. Bxf3 c6 13. Rb1 $146 {White plays a waiting game,
maintaining the tension without looking for immediate threats.} (13. Ne4 Nd5
14. Bd2 Bh3 15. Re1 f5 {Uhlmann,W (2457)-Dornieden,M (2268)/Bad Zwischenahn
2003/CBM 097 ext (1/2, 25)}) 13... Nd5 14. Bd2 Rc8 15. Na4 b6 16. Qc2 Qd7 17.
Rfe1 f5 18. Rbc1 Kh8 19. Bg2 f4 {This is a signal for the attack, but also the
irremediable weakening of the e4-square. The game becomes double-edged.} 20.
Nc3 Bh3 21. Ne4 Nf6 22. Bc3 Qf5 23. f3 $5 {Since the exchange of bishops
cannot be avoided anymore, this is a strong positional move. It reduces
Black's attacking chances and starts logical play against Black's potentially
bad bishop.} Bxg2 24. Kxg2 Nxe4 25. dxe4 Qg5 26. Qb2 Bf6 27. Qb3 h5 28. Qe6 $14
Rce8 29. Qh3 Qh6 30. Rcd1 Bg5 31. Rd7 a6 32. Red1 Re6 33. Kh1 fxg3 34. hxg3 h4
35. Kg2 Be7 36. Bd2 Qf6 37. Qxh4+ Qxh4 38. gxh4 c5 39. bxc5 Bxc5 40. a4 Bd4 41.
Rc1 Bc5 42. h5 Kg8 43. a5 Rf7 44. Rd8+ Rf8 45. Rd5 g6 46. Rh1 gxh5 47. Rxh5 Bd4
48. Rg5+ Kh8 49. e3 Bb2 50. Kf2 b5 51. Rd7 Rh6 52. f4 Rg8 53. Rxg8+ Kxg8 54.
Bb4 exf4 55. exf4 Rc6 56. Kf3 Rc4 57. Bd6 b4 58. Rb7 Bc3 59. e5 Rd4 60. f5 Rd1
61. f6 Rf1+ 62. Ke4 b3 63. Rxb3 Bxa5 64. Rb8+ Kf7 65. Rb7+ Kg6 66. Rg7+ Kh6 67.
Kd5 Bd2 68. Ke6 a5 69. Rg2 Bg5 70. f7 1-0